Deportivo de La Coruña players (2000-2010) - Statistics

General Stats
  • This quiz has been taken 3 times
  • The average score is 36 of 92
Answer Stats
Rank Player Positions Nationality Matches Goals (assists) Period % Correct
35 Adrián López ST 56 5 (2) 2006-2008, 2009-2010
100%
55 Adrián López CB 26 1 (0) 2007-2010
100%
19 Albert Luque LW 100 26 (12) 2002-2005
100%
4 Diego Tristán ST 179 78 (14) 2000-2006
100%
11 Fran LM 139 10 (12) 2000-2005
100%
60 Iván Pérez AM 20 0 (0) 2009-2010
100%
82 Iván Pérez ST 2 0 (0) 2003-2004
100%
7 José Francisco Molina GK 167 0 (0) 2000-2006
100%
2 Juan Carlos Valerón AM 235 19 (38) 2000-2010
100%
13 Juan Rodríguez DM 129 10 (4) 2006-2010
100%
12 Mauro Silva DM 137 0 (3) 2000-2005
100%
22 Noureddine Naybet CB 91 5 (0) 2000-2004
100%
84 Rodri CB 2 0 (0) 2006-2008
100%
6 Víctor Sánchez RW 172 26 (31) 2000-2006
100%
24 Walter Pandiani ST 86 31 (6) 2000-2002, 2003-2005
100%
16 Alberto Lopo CB 118 5 (2) 2006-2010
50%
8 Aldo Duscher DM 157 0 (3) 2000-2007
50%
58 Álvaro Arbeloa RB 20 0 (0) 2006-2007
50%
27 Andrés Guardado CM 81 10 (17) 2007-2010
50%
33 Ángel Lafita LW 57 11 (6) 2007-2010
50%
56 Antonio Barragán RB 26 2 (0) 2006-2008
50%
25 César Martín CB 85 0 (2) 2000-2006
50%
62 Christian Wilhelmsson RW 15 1 (2) 2007-2008
50%
29 Daniel Aranzubia GK 73 0 (1) 2008-2010
50%
44 Diego Colotto CB 41 3 (1) 2008-2010
50%
39 Djalminha AM 50 12 (8) 2000-2002, 2003-2004
50%
30 Dudu Aouate GK 66 0 (1) 2006-2008
50%
9 Enrique Romero LB 148 1 (8) 2000-2006
50%
18 Fabricio Coloccini CB 105 5 (1) 2004-2008
50%
63 Fernando LM 14 3 (1) 2000-2001
50%
17 Filipe Luís LB 111 6 (7) 2006-2010
50%
53 Gustavo Munúa GK 27 0 (0) 2003-2005, 2007-2009
50%
51 Hélder Cristóvão CB 30 0 (2) 2000-2002
50%
70 Jacques Songo'o GK 10 0 (0) 2000-2001, 2003-2004
50%
40 Javier Arizmendi ST 50 7 (2) 2005-2007
50%
5 Joan Capdevila LB 179 15 (6) 2000-2007
50%
14 Jorge Andrade CB 123 2 (0) 2002-2007
50%
38 José Amavisca LM 51 3 (4) 2001-2004
50%
78 José Manuel RM 4 0 (0) 2001-2002
50%
66 Juan Domínguez CM 13 0 (0) 2009-2010
50%
48 Lassad Nouioui ST 33 5 (2) 2008-2010
50%
47 Laure RB 35 0 (2) 2007-2010
50%
10 Lionel Scaloni RB 147 12 (9) 2000-2006
50%
3 Manuel Pablo RB 234 1 (6) 2000-2010
50%
80 Manu Fernández GK 3 0 (0) 2009-2010
50%
83 Nuno Espírito Santo GK 2 0 (0) 2001-2002
50%
71 Omar Bravo ST 9 1 (0) 2008-2009
50%
43 Pablo Amo CB 42 4 (3) 2003-2005, 2007-2009
50%
76 Raúl Carnero LB 5 0 (0) 2009-2010
50%
15 Riki ST 119 22 (9) 2006-2010
50%
32 Rodolfo Bodipo ST 62 8 (5) 2006-2010
50%
21 Roy Makaay ST 97 57 (10) 2000-2003
50%
50 Rubén Castro ST 31 4 (0) 2005-2006, 2007-2008
50%
1 Sergio CM 294 27 (20) 2001-2010
50%
65 Turu Flores ST 14 0 (0) 2000-2001
50%
46 Zé Castro CB 39 1 (1) 2008-2010
50%
37 Antonio Tomás CM 54 0 (1) 2007-2010
0%
85 Aythami Artiles CB 1 0 (0) 2007-2008
0%
86 Carlos Pita DM 1 0 (0) 2004-2005
0%
68 César Sampaio DM 10 0 (0) 2000-2001
0%
87 Changui ST 1 0 (0) 2004-2005
0%
88 Chapi CB 1 0 (0) 2007-2008
0%
36 Cristian Hidalgo LW 56 2 (0) 2006-2009
0%
74 Dani Mallo GK 5 0 (0) 2002-2003, 2004-2006
0%
79 David Añón RW 3 0 (0) 2009-2010
0%
77 David Rochela CB 4 0 (0) 2009-2010
0%
89 Diego Seoane RB 1 0 (0) 2009-2010
0%
31 Donato DM 62 7 (1) 2000-2003
0%
42 Émerson DM 43 0 (3) 2000-2002
0%
52 Fabián Estoyanoff RM 28 1 (0) 2006-2007
0%
73 Fabri GK 6 0 (0) 2007-2008
0%
67 Goran Djorovic CB 11 0 (0) 2001-2003
0%
28 Héctor Berenguel RB 81 0 (7) 2001-2006
0%
59 Iago Iglesias AM 20 4 (0) 2005-2007
0%
69 Iván Carril AM 10 1 (0) 2005-2006
0%
90 Jesús Muñoz CM 1 0 (0) 2005-2006
0%
26 Joan Verdú AM 85 9 (3) 2006-2009
0%
49 Juanma Delgado CB 31 4 (0) 2005-2007
0%
54 Juanmi GK 27 0 (0) 2002-2003
0%
61 Juca DM 16 3 (3) 2009-2010
0%
20 Julian de Guzmán DM 97 1 (1) 2005-2009
0%
91 Luis Miguel Ramis CB 1 0 (0) 2000-2001
0%
57 Mista ST 26 2 (1) 2008-2010
0%
75 Momo LW 5 0 (0) 2005-2006
0%
34 Pablo Álvarez RW 57 4 (0) 2006-2010
0%
72 Paco Gallardo RM 7 0 (0) 2005-2006
0%
23 Pedro Munitis CF 90 5 (6) 2003-2006
0%
64 Roberto Acuña CM 14 0 (0) 2002-2003, 2004-2006
0%
92 Rubén Rivera ST 1 0 (0) 2006-2007
0%
45 Sebastián Taborda ST 40 5 (1) 2005-2008
0%
81 Senel ST 3 0 (0) 2005-2006
0%
41 Xisco ST 44 12 (1) 2004-2006, 2007-2008
0%
No matching quizzes found
Score Distribution
Percent of People with Each Score
Percentile by Number Answered
Your Score History
You have not taken this quiz